000 00443nam a2200169Ia 4500
008 090711s9999 xx 000 0 und d
082 _b37098
100 _aरोहेकर ए. ना.
245 _aहिंदोल
260 _c1977
300 _a136
600 _aरोहेकर ए. ना.
630 _aहिंदोल
700 _aरोहेकर ए. ना.
730 _aहिंदोल
942 _cBOOK
999 _c287633
_d287633